000
00285nam a22001337a 4500
008
171018b xxu||||| |||| 00| 0 eng d
020
_a
9780395871904
041
_a
eng
080
_2
7 ED
_a
338
100
_a
53
101
_a
MEN
245
_a
MANAGEMENT
_c
KREITNER
942
_2
udc
_c
BK
999
_c
34628
_d
34628